| 000 | 00599nam a2200193 4500 | ||
|---|---|---|---|
| 003 | OSt | ||
| 005 | 20240619052457.0 | ||
| 006 | a | ||
| 008 | 240619b |||||||| |||| 00| 0 eng d | ||
| 020 | _a9789719925156 | ||
| 040 |
_aDWCL-Main lib. _cOC |
||
| 082 | _aFil. 343.05 V152t 2013 | ||
| 100 | _aValencia, Edwin G | ||
| 245 | _aTransfer and business taxation : principles and laws with accounting applications / | ||
| 260 |
_aBaguio City, Phils. : _bValencia Educa’l Supply, _cc2013. |
||
| 300 |
_b622 p. ; _c23 cm. |
||
| 650 | _a1. Inheritance and transfer tax. | ||
| 942 |
_2ddc _n0 _cBK - FIL _kFil. |
||
| 999 |
_c882 _d882 |
||